| 000 | 01020nas a2200265Ia 4500 | ||
|---|---|---|---|
| 001 | R142/77672 | ||
| 003 | IT-RoPAU | ||
| 008 | 151124c99999999xx |||||||||||| ||und|| | ||
| 040 | _aIT-RoPAU | ||
| 040 | _cIT-RoPAU | ||
| 041 | _aFRANCESE | ||
| 100 |
_aAA.VV. _gCodice Aut. SPICS: 12000 |
||
| 210 | _aRESEAUX | ||
| 222 | _aReseaux | ||
| 245 |
_aRESEAUX, N.046/047 (MARZO/GIUGNO 1991) _bReseaux, N.046/047 (Marzo/Giugno 1991) |
||
| 250 | _a1a ed. | ||
| 260 |
_aPARIS _bCNET _c1991 |
||
| 501 |
_bPaulus - SPICS - Società San Paolo EM (non-commercial uses only) _cCopyright2015 |
||
| 300 | _a160 p. | ||
| 310 | _aBIMESTRALE | ||
| 362 | _aN.046/047 (MARZO/GIUGNO 1991) | ||
| 500 | _aComunicazione, Tecnologia e Società . Dossier Su: Comunicazione: una Interrogazione Filosofica. Contributi di Autori Vari con il Loro Riassunto in Appendice. Punto Sull'Equupaggiamento dei Francesi Nei Mezzi di Comunicazione. Recensione dei Volumi: Nous So | ||
| 650 |
_aCOMUNICAZIONE _vPUBBLICAZIONE PERIODICA |
||
| 942 | _cCR | ||
| 999 |
_c191232 _d191232 |
||